5HLuxD.jpg

KING HENRY VIII SENIOR AND PRIMARY SCHOOL LIBRARY OPAC

Saga / (Record no. 123)

000 -LEADER
fixed length control field 01118cam a22003377a 4500
001 - CONTROL NUMBER
control field 15356471
003 - CONTROL NUMBER IDENTIFIER
control field OSt
005 - DATE AND TIME OF LATEST TRANSACTION
control field 20190726114323.0
008 - FIXED-LENGTH DATA ELEMENTS--GENERAL INFORMATION
fixed length control field 080707s2006 ie j 000 1 eng
010 ## - LIBRARY OF CONGRESS CONTROL NUMBER
LC control number 2008428107
015 ## - NATIONAL BIBLIOGRAPHY NUMBER
National bibliography number GBA657626
Source bnb
016 7# - NATIONAL BIBLIOGRAPHIC AGENCY CONTROL NUMBER
Record control number 013499981
Source Uk
020 ## - INTERNATIONAL STANDARD BOOK NUMBER
International Standard Book Number 9780862789794 (pbk.)
020 ## - INTERNATIONAL STANDARD BOOK NUMBER
International Standard Book Number 0862789796 (pbk.)
035 ## - SYSTEM CONTROL NUMBER
System control number (OCoLC)ocm70230261
040 ## - CATALOGING SOURCE
Original cataloging agency UKM
Transcribing agency UKM
Modifying agency OCLCG
-- DLC
042 ## - AUTHENTICATION CODE
Authentication code ukscp
-- lccopycat
082 04 - DEWEY DECIMAL CLASSIFICATION NUMBER
Classification number FIC KOS
Edition number 22
100 1# - MAIN ENTRY--PERSONAL NAME
Personal name Kostick, Conor,
Dates associated with a name 1964-
245 10 - TITLE STATEMENT
Title Saga /
Statement of responsibility, etc. Conor Kostick.
260 ## - PUBLICATION, DISTRIBUTION, ETC.
Place of publication, distribution, etc. Dublin :
Name of publisher, distributor, etc. O'Brien,
Date of publication, distribution, etc. 2006.
300 ## - PHYSICAL DESCRIPTION
Extent 315 p. ;
Dimensions 20 cm.
501 ## - WITH NOTE
With note From the author of the internationally-acclaimed EPIC
650 #0 - SUBJECT ADDED ENTRY--TOPICAL TERM
Topical term or geographic name entry element Computer games
Form subdivision Fiction.
655 #0 - INDEX TERM--GENRE/FORM
Genre/form data or focus term Young adult fiction.
655 #7 - INDEX TERM--GENRE/FORM
Genre/form data or focus term Science fiction.
Source of term gsafd
700 ## - ADDED ENTRY--PERSONAL NAME
Personal name Sahara, Tony
Relator term Cover illustrator
906 ## - LOCAL DATA ELEMENT F, LDF (RLIN)
a 7
b cbc
c copycat
d 3
e ncip
f 20
g y-gencatlg
942 ## - ADDED ENTRY ELEMENTS (KOHA)
Source of classification or shelving scheme
Koha item type Books - Fiction
Holdings
Withdrawn status Lost status Source of classification or shelving scheme Damaged status Not for loan Collection code Permanent Location Current Location Shelving location Date acquired Total Checkouts Full call number Barcode Date last seen Date last checked out Price effective from Koha item type
          Fiction KH8 Senior School Library KH8 Senior School Library Fiction 2019-07-26 1 FIC KOS 3KHSL000101168 2024-07-17 2023-09-06 2019-07-26 Books - Fiction

Powered By KH8 IT Dept